Texas High School Dallas-Fort Worth area logos (districts 3-8) - Statistics

General Stats
  • This quiz has been taken 37 times
  • The average score is 13 of 48
Answer Stats
Picture Answer % Correct
Argyle
64%
Grapevine
64%
Dallas South Oak Cliff/South Oak Cliff/SOC
59%
Denton
59%
Colleyville Heritage/Heritage
55%
Ennis
45%
Lake Dallas
45%
Lucas Lovejoy/Lovejoy
45%
Melissa
45%
Princeton
45%
Frisco Emerson/Emerson
41%
Midlothian Heritage/Heritage
41%
Burleson
36%
Corsicana
36%
Everman
32%
Frisco Independence/Independence
32%
Mesquite Poteet/Poteet
32%
Crandall
27%
Frisco Memorial/Memorial
27%
Ft Worth Arlington Heights/Fort Worth Arlington Heights/Arlington Heights
27%
Joshua
27%
Mansfield Summit/Summit
27%
Marshall
27%
Terrell
27%
Texarkana Texas/Texas
27%
Whitehouse
27%
Dallas Wilson/Wilson/Woodrow Wilson
23%
Arlington Seguin/Seguin
18%
Carrollton Creekview/Creekview
18%
Dallas Jefferson/Thomas Jefferson/Jefferson
18%
Ft Worth Wyatt/Fort Worth Wyatt/Wyatt
18%
Greenville
18%
Nacogdoches
18%
Dallas Kimball/Kimball
14%
Ft Worth Southwest/Fort Worth Southwest/Southwest
14%
Ft Worth Trimble Tech/Fort Worth Trimble Tech/Trimble Tech
14%
Hallsville
14%
Longview Pine Tree/Pine Tree
14%
Mount Pleasant/Mt Pleasant
14%
Dallas Adamson/Adamson
9%
Dallas Conrad/Conrad
9%
Dallas Hillcrest/Hillcrest
9%
Dallas Samuell/Samuell
9%
Dallas Seagoville/Seagoville
9%
Dallas Spruce/Spruce
9%
Denison
9%
Ft Worth North Side/Fort Worth Northside/North Side
9%
Ft Worth Polytechnic/Fort Worth Polytechnic/Polytechnic
9%
No matching quizzes found
Score Distribution
Percent of People with Each Score
Percentile by Number Answered
Your Score History
You have not taken this quiz